Purgatorio e Legge del Contrappasso - Statistics

Statistiche generali
  • Questo quiz è stato fatto 14 volte
  • Il punteggio medio è 5 su 9
Statistiche sulle risposte
Hint Risposta % Corretto
Indossano un cilicio e hanno le palpebre cucite da filo di ferro. Invidiosi
83%
Patiscono fame e sete Golosi
75%
Camminano nel fumo. Iracondi
67%
Devono sostare nell'Antipurgatorio 30 volte il tempo della *********. Scomunicati
67%
Sostano nell'Antipurgatorio tanto tempo quanto durò la loro vita. Negligenti
58%
Camminano portando pesi. Superbi
50%
Sono distesi bocconi e legati. Avari e prodighi
42%
Camminano nel fuoco. Lussuriosi e sodomiti
42%
Corrono gridando esempi di sollecitudine e di ******* punita. Accidiosi
33%
Nessun quiz corrispondente trovato
Distribuzione punteggi
Percentuale di utenti per punteggio
Percentile per numero di risposta
I tuoi punteggi nel tempo
Non hai fatto questo quiz